000 00720nam a2200217 a 4500
001 000024857
005 20200930023418.0
008 110207s1966 mx r 000 0 spa d
040 _aDO-SdBNP
_bspa
_cBNPHU
082 _axxxxx
_bS819t
100 1 _aStein, Gertrude
_951012
245 1 3 _aLa tierra natal /
_cGertrude Stein ; traducción Luis Guillermo Piazza ; Introducción Gilbert A. Harrison.
260 _aMéxico, D. F. :
_bOrganización Editorial Navaro,
_c1966.
300 _a101 p. ;
_c20.5 cm.
490 1 _aEditorial Novaro ;
_v5
534 _tAmerica.
700 1 _aPiazza, Luis Guillermo,
_etr.
_912483
700 1 _aHarrison, Gilbert A.
_951013
830 0 _aEditorial Novaro ;
_n5
_951014
049 _aBNGR
999 _c24350
_d24350